[Event "First Saturday 2010 marcius FM-B"]
[Site "Budapest"]
[Date "2010.03.13"]
[Round "8"]
[White "Gruz, Janos"]
[Black "Toth, Antal"]
[Result "1-0"]
[WhiteElo "1946"]
[BlackElo "1664"]
[PlyCount "155"]
[EventDate "2010.03.06"]

1. d4 d5 2. Nf3 c6 3. c3 e6 4. Bf4 Bd6 5. Bg3 Nf6 6. e3 O-O 7. Nbd2 Bc7 8. Bd3
h6 9. Ne5 Nbd7 10. f4 c5 11. O-O c4 12. Bc2 Nxe5 13. fxe5 Nd7 14. Qe2 f6 15.
Bh4 Qe8 16. exf6 Nxf6 17. Bxf6 Rxf6 18. Rxf6 gxf6 19. Qg4+ Kh8 20. Rf1 f5 21.
Qh4 Qg6 22. Bd1 Qg5 23. Qf2 Bd7 24. Nf3 Qg7 25. b3 b5 26. Nd2 Rf8 27. e4 dxe4
28. Nxe4 Bc6 29. Nc5 Bd5 30. Bf3 Qf7 31. Qh4 Kh7 32. Bh5 Qg7 33. Bf3 Bd8 34.
Qf2 Qf7 35. Bxd5 exd5 36. Re1 Bb6 37. Ne6 Rc8 38. Qf3 cxb3 39. axb3 Qf6 40. b4
a5 41. bxa5 Bxa5 42. Nc5 Qf7 43. Re5 Re8 44. Rxe8 Qxe8 45. Qxf5+ Kg7 46. Ne6+
Kg8 47. Qxd5 Bxc3 48. Nc7+ Qf7 49. Qxf7+ Kxf7 50. Nxb5 Bb4 51. Kf2 Ke6 52. Ke3
Kd5 53. Kd3 Ba5 54. Nc3+ Kd6 55. Kc4 Bd8 56. Nb5+ Kd7 57. Kd5 Bg5 58. Nc3 Bd2
59. Ne4 Be3 60. Ke5 Bc1 61. g4 Ke7 62. Kf5 Kf7 63. h4 Be3 64. d5 Bc1 65. g5
hxg5 66. hxg5 Ba3 67. g6+ Kg7 68. Ng5 Bb4 69. Ne6+ Kg8 70. Ke5 Bc3+ 71. Kd6
Bb4+ 72. Kc6 Be7 73. d6 Bh4 74. d7 Be7 75. Kc7 Bf6 76. d8=Q+ Bxd8+ 77. Kxd8 Kh8
78. g7+ 1-0

[Event "First Saturday 2010 marcius FM-B"]
[Site "Budapest"]
[Date "2010.03.14"]
[Round "9"]
[White "Grimm, Gyorgy"]
[Black "Gruz, Janos"]
[Result "1/2-1/2"]
[WhiteElo "1664"]
[BlackElo "1946"]
[PlyCount "39"]
[EventDate "2010.03.06"]

1. e4 c5 2. Nf3 Nc6 3. d4 cxd4 4. Nxd4 Nf6 5. Nc3 e5 6. Ndb5 d6 7. Bg5 a6 8.
Na3 b5 9. Nd5 Be7 10. Nxe7 Qxe7 11. c4 b4 12. Nc2 a5 13. b3 Be6 14. Bxf6 gxf6
15. g3 O-O-O 16. Bg2 Rhg8 17. Qd2 Kb7 18. O-O-O Rg4 19. h3 Rg7 20. Rhe1 1/2-1/2

[Event "First Saturday 2010 marcius FM-B"]
[Site "Budapest"]
[Date "2010.03.14"]
[Round "9"]
[White "Marosi, Levente"]
[Black "Mikulas, Adam"]
[Result "1-0"]
[WhiteElo "1657"]
[BlackElo "1697"]
[PlyCount "71"]
[EventDate "2010.03.06"]

1. e4 Nf6 2. e5 Nd5 3. c4 Nb6 4. d4 d6 5. exd6 cxd6 6. Nc3 g6 7. Be3 Bg7 8. Nf3
O-O 9. Be2 Bg4 10. O-O Nc6 11. b3 e5 12. dxe5 dxe5 13. Rc1 Qe7 14. Bxb6 axb6
15. h3 Bf5 16. Nd5 Qc5 17. a4 Rad8 18. Qe1 Nd4 19. b4 Nxe2+ 20. Qxe2 Qd6 21.
Rfd1 Kh8 22. Qe3 Qc6 23. b5 Qe6 24. Nxb6 e4 25. Ng5 Rxd1+ 26. Rxd1 Qe7 27. g4
Bh6 28. gxf5 Bxg5 29. Nd5 Qd8 30. Qxe4 gxf5 31. Qxf5 Qd6 32. f4 Qc5+ 33. Kh1
Qf2 34. Qxg5 Qf3+ 35. Kh2 Qxd1 36. Qf6+ 1-0